Eliminate States #1 - Statistics

General Stats
  • This quiz has been taken 1,606 times
  • The average score is 12 of 16
Answer Stats
Pct? Eliminate... State/States % Correct
98 States that border Canada Alaska | Washington | Idaho | Montana | North Dakota | Minnesota
100%
96 Where Mauna Kea is located Hawaii
95%
94 States that border the Gulf of Mexico Texas | Louisiana
95%
88 Where Stanford University is located California
91%
86 Where Los Alamos National Laboratory is located New Mexico
89%
82 States that border Illinois Iowa | Missouri
86%
79 State that borders Colorado and Missouri but NOT Iowa Kansas
82%
75 State with a capital of Lincoln Nebraska
79%
74 States where Lake Powell is located Arizona | Utah
75%
73 Where Mesa Verde National Park is located Colorado
70%
72 State to the south of Kansas Oklahoma
69%
70 State where the city Reno is located Nevada
68%
69 Where the city Casper is located Wyoming
65%
68 State where the city Sioux Falls is located South Dakota
64%
67 State where Hot Springs National Park is located Arkansas
56%
What is the final state? Oregon
51%
No matching quizzes found
Score Distribution
Percent of People with Each Score
Percentile by Number Answered
Your Score History
You have not taken this quiz